1399 1112 1656 1260 1962 1273 1478 1395 1850 1121 1465 1559 1629 1473 1727 1567 1395 1104 1916 1191 1522 1974 1553 1136 1464 1969 1189 1018 1808 1994 1095 1661 1240 1543 1129 1033 1197 1652 1376 1153 1045 1770 1649 1052 1280 1992 1607 1867 1418 1003 1142 1198 1044 1090 1638 1260 1365 1918 1818 1470 1016 1474 1113 1471 1749 1078 1512 1231 1127 1977 1565 1448 1266 1944 1336 1183 1875 1977 1997 1520 1923 1638 1876 1991 1191 1769 1203 1686 1583 1555 1042 1272 1394 1905 1696 1137 1023 1052 1645 BCNSPRNW ULIB Ver.6.0+V

เปลี่ยนเป็นภาษาไทย

Change to English
 แสดงรายละเอียดบรรณานุกรม
  กลับหน้าหลัก

Brief Record : Get Marc (ISO 2709) : E-mail record : QR code < ปิดหน้าต่าง
LEADER : 00000nam 2200000uu 4500
001    13399121701
003     ULIB
008    121129s2547||||th 000 0 tha d
020    ^a9744220384
060 04 ^aWU100^bส691น
245 00 ^aแนวทางเวชปฏิบัติการควบคุมและกำกับเพื่อป้องกันการติดเชื้อทางทันตกรรม /^cสำนักพัฒนาวิชาการแพทย์ กรมการแพทย์ กระทรวงสาธารณสุข
250    ^aพิมพ์ครั้งที่ 1
260    ^a[นนทบุรี] :^bสำนัก,^c2547
300    ^aก-ข, 27 หน้า ;^c30 ซม.
650  7 ^aฟัน, การติดเชื้อ^xการป้องกันและควบคุม
650  7 ^aการติดเชื้อ^xการป้องกันและควบคุม
710 2  ^aกรมการแพทย์. ^bสำนักพัฒนาวิชาการแพทย์
945    ^p0^l0^i13642
995    ^aวิภา
999    ^aวิภา
รายการนี้ยังไม่มีแท็ก
คุณยังไม่ได้ล็อกอิน คุณสามารถมีกิจกรรมร่วมกับเว็บไซต์ได้ แต่ต้องล็อกอินก่อน ::
  ล็อกอิน

รายการสื่อสารสนเทศ

ลำดับที่ ประเภท เลขเรียก/บาร์โค้ด สถานที่ สถานะ
1. วิทยาศาสตร์การแพทย์ และสุขภาพ
วิทยาศาสตร์การแพทย์ และสุขภาพ
WU100 ส691น  
  Barcode: 13642
ห้องสมุดวิทยาเขตสวรรค์ประชารักษ์
►หนังสือทั่วไป
บนชั้น

BibComment


ยังไม่เคยถูกคอมเมนท์

คอมเมนท์ทรัพยากรรายการนี้
  คอมเมนท์: แนวทางเวชปฏิบัติ..


 Copyright 2026. Bcnsprnw @Library